The Assessment of Natural Capital for Pollinators in Slovakia

Cieľom článku je posúdiť prírodný kapitál biodiverzity pre opeľovače prostredníctvom identifikácie vhodných biotopov pre opeľovače na národnej úrovni. Na hodnotenie vhodných biotopov pre opeľovače sa použili rôzne ukazovatele. Hodnotené sú aj podporné faktory (faktory podporujúce výskyt a prežitie o...

Celý popis

Uložené v:
Podrobná bibliografia
Hlavný autor: Špulerová, Jana
Ďalší autori: Izakovičová, Zita, Pondelik, Radovan, Surová, Diana, Černecký, Ján
Médium: Kapitola
Jazyk:English
Slovak
Predmet:
Tagy: Pridať tag
Žiadne tagy, Buďte prvý, kto otaguje tento záznam!

MARC

LEADER 00000naa a2200000 4500
001 0307234
005 20250224123006.0
041 0 |a eng 
041 0 |a slo 
044 |a SK 
245 1 0 |a The Assessment of Natural Capital for Pollinators in Slovakia  |c Jana Špulerová, Zita Izakovičová, Radovan Pondelik, Diana Surová, Ján Černecký 
520 |a Cieľom článku je posúdiť prírodný kapitál biodiverzity pre opeľovače prostredníctvom identifikácie vhodných biotopov pre opeľovače na národnej úrovni. Na hodnotenie vhodných biotopov pre opeľovače sa použili rôzne ukazovatele. Hodnotené sú aj podporné faktory (faktory podporujúce výskyt a prežitie opeľovačov – ekologické formy hospodárenia, ochrana prírody a prírodných zdrojov a šetrnejšie formy obhospodarovania), ako aj negatívne faktory (kontaminácia zložiek životného prostredia, fyzikálna degradácia prírodných zdrojov a bariérny efekt). Na základe syntézy je vypracovaná klasifikácia prírodného potenciálu biotopov pre opeľovače na národnej úrovni. Článok predstavuje aj súbor grantových schém na národnej a medzinárodnej úrovni, ktoré je možné využiť na zmiernenie nepriaznivého stavu biotopov. 
610 2 0 |a geografia hospodárska 
610 2 0 |a včelárstvo 
610 2 0 |a zdroje prírodné 
610 2 0 |a diverzita biologická 
610 2 0 |a ukazovatele štatistické 
610 2 0 |a legislatíva 
610 2 0 |a politika poľnohospodárska spoločná 
610 2 0 |a Slovensko 
610 2 0 |a Európska únia 
100 1 |a Špulerová, Jana 
700 1 |a Izakovičová, Zita 
700 1 |a Pondelik, Radovan 
700 1 |a Surová, Diana 
700 1 |a Černecký, Ján